000 01211nam0a22002651 4500
001 rc\3151209
005 20260407124204.0
021 _aRU
_bРг11901-75
021 _aRU
_b75-58106
035 _a(NLR Aleph) 007296603
090 _a5666196
_c5666196
100 _a20120615d1975 |||y0rusy50 ca
101 0 _arus
102 _aRU
105 _ay z |||||
200 1 _aОбобщение результатов введения новых тарифных условий в производственных отраслях народного хозяйства и разработка предложений по усилению стимулирующей роли заработной платы в повышении производительности труда, уровня его нормирования
_eТезисы доклада
_eДля обсуждения
_f[НИИ труда]
210 _a[Москва
_cБ. и.
_d1975]
215 _a23 с.
_d19
309 _aБез тит. л. и обл.
712 0 2 _aНИИ труда
_cМосква
_9426279
_3RU\NLR\AUTH\889965033
801 0 _aRU
_bNLR
_gpsbo
801 1 _aRU
_bELAR
_2rusmarc
852 _aNLR
_j75-4/13625
942 _cBOOK
980 _aNB